000 00388nam a22001571a 4500
020 _a9788188118014
082 _aH1
_bHIR/J
100 _aHiralal Bachotiya
245 _aJanhit tatha anya kavitayen/
_cby Hiralal Bachotiya
260 _aNew Delhi:
_bKithabghar,
_c2002.
300 _a87p.
650 _aPoetry Hindi
650 _aLiterature Hindi
650 _aLiterature
942 _cBK
999 _c21492
_d21492